Atalanta players since 2000 - Statistics

General Stats
  • This quiz has been taken 60 times
  • The average score is 72 of 319
Answer Stats
Ranking Player Positions Nationality Matches Goals Assists Periods % Correct
13 Duván Zapata ST 174 76 37 2018-2024
97%
15 Luis Muriel ST 172 66 25 2019-2024
94%
2 Marten de Roon DM 362 19 26 2015-2016, 2017-2025
94%
4 Mario Pasalić CM 274 55 34 2018-2025
91%
8 Papu Gómez LW 231 54 69 2014-2021
88%
24 Robin Gosens LB 141 29 18 2017-2022
88%
12 Davide Zappacosta RM 175 14 24 2014-2015, 2021-2025
85%
3 Rafael Tolói CB 290 11 15 2015-2025
85%
25 Ruslan Malinovskyi AM 138 28 27 2019-2023
85%
5 Berat Djimsiti CB 264 9 10 2015-2016, 2018-2025
82%
9 Hans Hateboer RB 226 10 19 2016-2024
82%
17 Josip Ilicic AM 159 58 42 2017-2022
82%
117 Gianluca Scamacca ST 41 18 7 2023-2025
79%
39 Ademola Lookman CF 111 49 24 2022-2025
76%
47 Charles De Ketelaere AM 92 23 23 2023-2025
76%
72 Marco Carnesecchi GK 71 0 0 2023-2025
76%
6 Remo Freuler CM 238 21 19 2015-2022
76%
33 Éderson CM 129 13 4 2022-2025
73%
29 Marco Sportiello GK 132 0 0 2013-2016, 2019-2023
73%
20 Germán Denis ST 153 56 15 2011-2016
70%
52 Aleksey Miranchuk AM 89 10 17 2020-2021, 2023-2024
67%
42 Giorgio Scalvini CB 100 5 4 2021-2025
67%
43 Pierluigi Gollini GK 99 0 0 2016-2021
67%
35 Teun Koopmeiners AM 120 26 15 2021-2024
67%
10 José Luis Palomino CB 205 8 5 2017-2024
61%
45 Juan Musso GK 93 0 0 2021-2025
61%
105 Mateo Retegui ST 46 28 8 2024-2025
61%
225 Francesco Rossi GK 7 0 0 2017-2019, 2021-2024
58%
87 Isak Hien CB 60 0 2 2023-2025
58%
104 Andrea Conti RB 47 10 5 2015-2017
55%
50 Joakim Maehle LB 90 5 7 2020-2023
55%
119 Lazar Samardžić AM 39 3 2 2024-2025
55%
76 Merih Demiral CB 68 3 3 2021-2023
55%
59 Timothy Castagne RB 84 6 8 2017-2020
55%
7 Cristiano Doni AM 234 81 27 2000-2002, 2006-2011
52%
122 Cristian Romero CB 38 3 4 2020-2021
52%
60 Etrit Berisha GK 83 0 0 2016-2019
52%
134 Juan Cuadrado RM 31 0 4 2024-2025
52%
131 Rasmus Højlund ST 32 9 4 2022-2023
52%
73 Sead Kolasinac CB 71 2 5 2023-2025
52%
11 Andrea Consigli GK 193 0 0 2008-2014
48%
41 Matteo Ruggeri LB 103 2 10 2020-2021, 2022-2025
48%
53 Mattia Caldara CB 87 10 3 2013-2014, 2016-2017, 2019-2021
48%
114 Musa Barrow LW 42 4 3 2017-2020
48%
91 Bryan Cristante DM 56 15 6 2016-2018
45%
177 Christian Vieri ST 16 4 1 2006-2007, 2008-2009
45%
214 Daniel Maldini AM 10 3 0 2024-2025
45%
136 Franck Kessié CM 30 6 4 2016-2017
45%
61 Matteo Pessina CM 82 4 4 2018-2019, 2020-2022
45%
221 Ibrahim Sulemana DM 9 2 0 2024-2025
42%
123 Mauricio Pinilla ST 38 12 5 2014-2017
42%
237 Simon Kjaer CB 6 0 0 2019-2020
42%
1 Gianpaolo Bellini LB 372 9 9 2000-2016
39%
163 Mitchel Bakker LB 20 1 0 2023-2025
39%
111 Raoul Bellanova RM 43 1 10 2019-2020, 2024-2025
39%
254 Rui Patrício GK 4 0 0 2024-2025
39%
265 Dejan Kulusevski AM 3 0 0 2018-2019
36%
187 El Bilal Touré ST 15 3 1 2023-2024
36%
116 Gianluca Mancini CB 41 6 1 2017-2019
36%
54 Jasmin Kurtic CM 87 10 2 2015-2018
36%
109 Jérémie Boga LW 44 3 6 2021-2023
36%
125 Marco Brescianini CM 35 5 2 2024-2025
36%
158 Odilon Kossounou CB 22 0 2 2024-2025
36%
228 Alessandro Bastoni CB 7 0 0 2016-2018
33%
69 Andrea Petagna ST 71 11 16 2016-2018
33%
32 Giacomo Bonaventura AM 130 23 15 2007-2015
33%
22 Maxi Moralez AM 142 18 25 2011-2016
33%
189 Roberto Gagliardini CM 14 0 2 2015-2017
33%
168 Simone Inzaghi ST 19 0 1 2007-2008
33%
247 Amad Diallo RW 5 1 0 2019-2021
30%
16 Andrea Masiello CB 169 9 4 2011-2012, 2014-2020
30%
143 Andreas Cornelius ST 27 5 1 2017-2018
30%
191 Bosko Sutalo CB 14 0 0 2019-2021
30%
129 Édgar Barreto CM 33 1 7 2009-2011
30%
81 György Garics RB 65 1 1 2008-2010
30%
90 Leonardo Spinazzola LB 56 0 8 2014-2015, 2016-2018
30%
197 Marco Palestra RM 13 0 0 2023-2025
30%
110 Yohan Benalouane CB 44 1 1 2013-2015
30%
262 Ben Godfrey CB 3 0 0 2024-2025
27%
83 Boukary Dramé LB 63 0 5 2014-2017
27%
26 Giulio Migliaccio CM 138 6 2 2004-2006, 2013-2017
27%
85 Jaime Valdés CM 61 10 6 2008-2010
27%
195 Johan Mojica LB 13 0 0 2020-2021
27%
14 Luca Cigarini DM 173 10 21 2008-2009, 2011-2016
27%
48 Nicola Ventola ST 92 31 3 2000-2001, 2005-2007
27%
58 Simone Tiribocchi ST 84 27 7 2009-2012
27%
19 Carlos Carmona DM 155 5 5 2010-2017
24%
139 Emil Holm RB 29 1 3 2023-2024
24%
38 Federico Peluso LB 111 4 7 2008-2013
24%
37 Guglielmo Stendardo CB 115 7 1 2011-2017
24%
79 Sergio Floccari ST 67 20 12 2007-2009
24%
293 Viktor Kovalenko AM 1 0 0 2020-2021
24%
211 Abdoulay Konko RB 10 0 0 2016-2017
21%
260 Ali Adnan CB 3 0 0 2018-2019
21%
107 Cristiano Del Grosso LB 45 1 1 2012-2015
21%
34 Cristian Raimondi RM 126 1 10 2010-2017
21%
167 Ervin Zukanovic CB 19 0 0 2016-2017
21%
21 Ferreira Pinto RW 146 14 16 2006-2012
21%
84 Igor Budan ST 61 16 1 2003-2005, 2012-2013
21%
56 Leonardo Talamonti CB 85 1 0 2006-2011
21%
106 Maximiliano Pellegrino CB 45 2 1 2007-2010
21%
224 Moussa Koné DM 8 1 1 2013-2014
21%
160 Nicolò Zaniolo AM 21 3 2 2024-2025
21%
93 Riccardo Zampagna ST 54 20 3 2005-2008
21%
284 Roger Ibañez CB 2 0 0 2018-2020
21%
113 Rolando Bianchi ST 42 0 2 2000-2003, 2014-2015
21%
170 Sam Lammers ST 18 2 0 2020-2022
21%
227 Stefan Posch CB 7 0 0 2024-2025
21%
271 Vanja Vlahović ST 3 0 1 2024-2025
21%
127 Alberto Grassi DM 34 1 0 2014-2017
18%
78 Ferdinando Coppola GK 68 0 2 2007-2010
18%
98 Giampaolo Pazzini ST 51 12 1 2003-2005
18%
51 Luigi Sala CB 90 10 0 2001-2002, 2004-2005
18%
135 Marko Livaja ST 31 4 2 2012-2014
18%
96 Ousmane Dabo DM 52 4 2 2001-2003
18%
286 Paolo Zanetti DM 2 0 0 2009-2010
18%
67 Riccardo Montolivo DM 73 7 0 2003-2005
18%
219 Riccardo Orsolini RW 9 0 0 2017-2018
18%
184 Roberto Piccoli ST 15 1 0 2018-2019, 2021-2022
18%
18 Simone Padoin CM 156 10 6 2007-2012
18%
273 Simone Zaza ST 3 0 0 2008-2009
18%
28 Thomas Manfredini CB 135 4 5 2007-2013
18%
46 Tiberio Guarente CM 92 3 19 2007-2010
18%
196 Alberto Paloschi ST 13 0 0 2016-2017
15%
176 Alessandro Diamanti AM 16 1 1 2015-2016
15%
194 Alessio Cerci RW 13 0 0 2008-2009
15%
44 Alex Calderoni GK 96 0 0 2002-2007
15%
121 Andrea Soncin ST 38 8 0 2005-2007
15%
31 Antonino Bernardini DM 130 3 9 2003-2008
15%
261 Arkadiusz Reca LB 3 0 0 2018-2019
15%
74 Cesare Natali CB 68 2 3 2001-2002, 2004-2005
15%
27 Claudio Rivalta CB 136 5 2 2004-2009
15%
99 Daniele Baselli CM 50 2 4 2013-2015
15%
151 Davide Biondini CM 24 0 1 2012-2013
15%
70 Diego De Ascentis DM 71 1 2 2007-2010
15%
248 Ebrima Colley RW 5 0 1 2019-2020
15%
94 Ezequiel Schelotto RM 53 2 8 2011-2013
15%
236 Fabio Depaoli RB 6 0 0 2020-2021
15%
192 Facundo Parra ST 14 0 0 2012-2013
15%
77 Fernando Tissone DM 68 6 8 2006-2008
15%
152 Gabriel Paletta CB 24 1 0 2015-2016
15%
267 Giorgio Cittadini CB 3 0 0 2021-2022
15%
169 Giuseppe Biava CB 18 2 0 2014-2015
15%
115 Guido Marilungo ST 42 6 4 2010-2014
15%
282 Jacopo Da Riva CM 2 0 0 2019-2020
15%
269 Karamoko Cissé ST 3 0 0 2006-2007
15%
188 Lionel Scaloni RB 15 0 0 2012-2015
15%
164 Manuel Belleri RB 20 0 2 2007-2008
15%
148 Marcelo Estigarribia CM 25 2 2 2013-2016
15%
66 Marino Defendi RB 74 5 0 2004-2009
15%
88 Massimo Donati DM 58 2 5 2000-2001, 2006-2007
15%
30 Massimo Taibi GK 131 0 1 2001-2005
15%
207 Matteo Brighi CM 11 0 0 2011-2012
15%
259 Matteo Contini CB 3 0 0 2012-2013
15%
285 Miguel Layún RB 2 0 0 2009-2010
15%
256 Moustapha Cissé ST 4 1 0 2021-2022, 2023-2024
15%
80 Stefano Lucchini CB 66 1 2 2011-2014
15%
231 Valentin Mihăilă LW 7 0 0 2021-2022
15%
71 Adriano RB 71 4 5 2004-2008
12%
316 Alberto Filippini AM 1 0 0 2005-2006
12%
317 Alberto Manzoni CM 1 0 0 2024-2025
12%
278 Alessio Manzoni CM 2 0 0 2005-2006, 2008-2009
12%
144 Antonio Langella CF 27 8 2 2007-2008
12%
185 Brandon Soppy RM 15 0 4 2022-2023
12%
57 Carmine Gautieri RW 84 17 3 2002-2005
12%
243 Ciro Polito GK 5 0 0 2011-2013
12%
226 Constantin Nica RB 7 0 0 2013-2014
12%
319 Costinha DM 1 0 0 2007-2008
12%
102 Davide Bombardini LM 48 3 4 2005-2007
12%
201 Davide Sinigaglia ST 12 1 0 2004-2005
12%
190 Demetrio Albertini DM 14 1 1 2004-2005
12%
175 Domenico Morfeo AM 17 5 5 2000-2001
12%
199 Emiliano Rigoni RW 12 3 0 2018-2019
12%
162 Ernesto Terra CB 20 1 0 2005-2006
12%
108 Fabio Ceravolo ST 45 5 2 2009-2011
12%
142 Fabio Rustico RB 27 0 0 2000-2004
12%
86 Fausto Rossini ST 60 12 5 2000-2003
12%
304 Filippo Melegoni CM 1 0 0 2016-2017
12%
150 Franco Brienza AM 24 1 1 2012-2014
12%
180 Gennaro Delvecchio CM 15 2 2 2010-2011
12%
233 Giorgio Frezzolini GK 7 0 0 2010-2011, 2014-2015
12%
126 Giuseppe De Luca ST 35 6 2 2012-2014
12%
141 Giuseppe Pezzella LB 28 0 3 2021-2022
12%
253 Guilherme Arana LB 4 0 0 2019-2020
12%
137 Ivan Radovanovic DM 30 0 0 2009-2010, 2012-2013
12%
238 James Troisi AM 6 0 0 2012-2013
12%
205 Javier Chevantón ST 12 2 1 2009-2010
12%
295 Kewullay Conteh CB 1 0 0 2006-2007
12%
302 Lennart Czyborra LB 1 0 0 2019-2020
12%
146 Manolo Gabbiadini ST 25 1 2 2009-2010, 2011-2012
12%
68 Marco D'Alessandro RW 72 4 5 2014-2017
12%
166 Marco Motta RB 19 0 1 2004-2005
12%
153 Mario Yepes CB 24 0 0 2013-2014
12%
296 Massimo Mutarelli CM 1 0 0 2011-2012
12%
206 Michel Adopo CM 11 0 1 2023-2024
12%
40 Michele Marcolini CM 108 12 2 2003-2006
12%
235 Mohamed Sarr CB 6 0 0 2003-2004
12%
120 Moris Carrozzieri CB 39 3 0 2006-2008
12%
182 Nadir Zortea RM 15 2 0 2022-2024
12%
183 Nicola Amoruso ST 15 1 0 2009-2010
12%
217 Nicolas Haas CM 9 0 0 2017-2018
12%
159 Paolo Bianco CB 21 0 0 2009-2010
12%
130 Piá CF 33 1 2 2001-2002, 2004-2005
12%
165 Richmond Boakye ST 19 3 0 2014-2015
12%
202 Robert Acquafresca ST 12 1 1 2009-2010
12%
251 Salvatore Molina RM 4 0 0 2014-2015
12%
112 Sebastiano Siviglia CB 43 0 1 2000-2001, 2002-2003
12%
172 Stephen Makinwa ST 17 6 3 2004-2005
12%
218 Urby Emanuelson CM 9 0 3 2014-2015
12%
213 Zlatan Muslimovic ST 10 2 0 2007-2008
12%
216 Adrien Tamèze DM 9 0 0 2019-2020
9%
245 Andrea Ivan GK 5 0 0 2005-2007
9%
75 Andrea Lazzari CM 68 5 2 2003-2006
9%
249 Anthony Mounier LW 5 0 0 2016-2017
9%
291 Antonio Palma CM 1 0 0 2012-2013
9%
303 Bryan Cabezas LW 1 0 0 2016-2017
9%
173 Caleb Okoli CB 17 0 0 2022-2023
9%
156 Corrado Colombo ST 22 1 0 2001-2002
9%
288 Cristiano Piccini CB 1 0 0 2020-2021
9%
128 Cristian Zenoni RB 34 1 1 2000-2001
9%
23 Damiano Zenoni RB 141 2 8 2000-2005
9%
36 Daniele Capelli CB 118 3 2 2004-2005, 2007-2013
9%
305 Davide Bassi GK 1 0 0 2015-2016
9%
89 Davide Brivio LB 57 3 0 2012-2013, 2015-2016
9%
306 Davide Ghislandi RM 1 0 0 2020-2021
9%
140 Davor Vugrinec ST 28 0 0 2002-2004
9%
279 Fabio Gallo DM 2 0 0 2000-2001
9%
275 Federico Cassa AM 2 0 0 2024-2025
9%
223 Francesco Parravicini DM 8 0 0 2008-2009
9%
210 Gaetano Monachello ST 10 0 0 2015-2016
9%
138 Ivan Pelizzoli GK 30 0 0 2000-2001
9%
274 José Espinal LW 2 0 0 2000-2001
9%
318 Lampros Choutos ST 1 0 0 2004-2005
9%
171 Leonardo Pettinari LW 18 2 1 2010-2012
9%
63 Luca Ariatti CM 76 3 2 2005-2007
9%
92 Luca Saudati ST 56 7 2 2001-2002, 2003-2006
9%
280 Luca Valzania CM 2 0 0 2018-2019
9%
252 Luca Vido ST 4 0 0 2017-2018
9%
49 Luciano Zauri RB 92 2 7 2000-2003
9%
174 Luigi Giorgi CM 17 2 0 2012-2013, 2015-2016
9%
244 Luis Fernando Centi CM 5 0 0 2005-2006
9%
186 Marco Borriello ST 15 4 2 2015-2016
9%
281 Marco Tumminello ST 2 0 0 2018-2019
9%
178 Matteo Ardemagni ST 16 1 1 2010-2011
9%
161 Michele Canini CB 20 0 0 2012-2014
9%
132 Michele Ferri CB 31 0 0 2010-2013
9%
232 Michele Marconi ST 7 1 0 2007-2009
9%
220 Michele Paolucci ST 9 0 0 2007-2008
9%
155 Migjen Basha DM 23 0 1 2010-2011
9%
97 Natale Gonnella CB 51 2 0 2002-2005
9%
64 Nicola Mingazzini CM 75 0 2 2003-2006
9%
145 Nicolò Cherubin CB 27 1 0 2014-2016
9%
124 Paolo Foglio RB 36 1 7 2001-2003
9%
118 Riccardo Cazzola DM 40 0 1 2011-2014
9%
258 Rubén Bentancourt ST 3 0 0 2013-2014
9%
234 Santos CB 6 0 0 2003-2004
9%
212 Sasa Bjelanovic ST 10 1 0 2010-2011
9%
246 Serge Gakpé RW 5 0 0 2015-2016
9%
241 Sergio Volpi CM 5 0 0 2009-2010
9%
82 Simone Loria CB 63 11 0 2005-2007
9%
95 Stefano Lorenzi CB 53 1 0 2000-2001, 2003-2005
9%
312 Tommaso Del Lungo CB 1 0 0 2023-2024
9%
222 Vinicio Espinal RM 8 0 0 2000-2003
9%
297 Vlada Avramov GK 1 0 0 2014-2015
9%
310 Alberto Fontana GK 1 0 0 2000-2001
6%
240 Aleksandar Pesic ST 6 0 0 2016-2017
6%
204 Alessandro Carrozza LW 12 0 0 2011-2012
6%
193 Alessandro Rinaldi RB 13 1 0 2001-2002
6%
55 Alex Pinardi DM 85 14 1 2000-2004
6%
292 Andrea Lombardo FW 1 0 0 2005-2006
6%
157 Antonino D'Agostino RM 22 2 0 2005-2006, 2008-2009
6%
276 Apostolos Liolidis RW 2 0 0 2002-2003
6%
198 Biagio Pagano RW 12 0 0 2000-2001, 2003-2005
6%
301 Boris Radunović GK 1 0 0 2015-2016
6%
255 Carlos Matheu CB 4 0 0 2012-2013
6%
283 Christian Tiboni ST 2 0 0 2005-2006, 2009-2010
6%
65 Daniele Berretta DM 75 5 5 2000-2003
6%
263 Daniel Osvaldo ST 3 1 0 2005-2006
6%
315 Danilo Zini CB 1 0 0 2002-2003
6%
313 Dario Bergamelli CB 1 0 0 2005-2006
6%
209 Davide Pinato GK 10 0 0 2000-2002
6%
103 Duccio Innocenti CB 48 0 0 2003-2006
6%
307 Emmanuel Gyabuaa CM 1 0 0 2020-2021
6%
181 Fabio Caserta CM 15 0 1 2009-2010, 2011-2012
6%
133 Francesco Ruopolo ST 31 8 7 2010-2011
6%
215 Gianluca Falsini LB 10 0 0 2001-2002
6%
100 Gianni Comandini ST 48 7 2 2001-2005
6%
203 Gianvito Plasmati ST 12 3 1 2008-2009
6%
270 Giovanni Bonfanti CB 3 1 0 2023-2024
6%
294 Joakim Olausson CM 1 0 0 2013-2014
6%
298 Julien Rantier CF 1 0 0 2002-2003
6%
287 Leonardo Mendicino DM 2 0 0 2023-2024
6%
200 Ljubisa Dundjerski CM 12 0 1 2000-2001
6%
289 Lorenzo Rosseti ST 1 0 0 2014-2015
6%
290 Luca Cavalli CM 1 0 0 2001-2002
6%
239 Luigi Della Rocca ST 6 0 0 2003-2004
6%
314 Luisito Campisi LM 1 0 0 2005-2006
6%
266 Lukas Vorlicky LW 3 0 0 2022-2023
6%
147 Magnus Troest CB 25 1 1 2010-2011
6%
179 Marco Nappi CF 15 1 1 2000-2001
6%
62 Massimo Carrera CB 78 0 3 2000-2003
6%
101 Massimo Paganin CB 48 0 2 2000-2002
6%
308 Matteo Gentili CB 1 0 0 2010-2011
6%
230 Matteo Lovato CB 7 0 1 2021-2022
6%
272 Matteo Scozzarella DM 3 0 0 2012-2013
6%
149 Maurizio Ganz ST 24 5 0 2000-2001
6%
309 Michael Girasole MF 1 0 0 2008-2009
6%
257 Nadir Minotti DM 3 0 0 2011-2012
6%
242 Nelson Abeijón DM 5 0 0 2006-2007
6%
229 Nicola Madonna RM 7 0 1 2009-2011
6%
208 Paolo Tramezzani LB 11 1 1 2002-2003
6%
250 Pierluigi Orlandini RM 4 0 1 2001-2002
6%
277 Riccardo Fissore CB 2 0 0 2007-2008
6%
300 Roberto Previtali CM 1 0 0 2000-2001
6%
268 Tommaso De Nipoti CF 3 0 1 2021-2024
6%
154 Vlado Smit LB 24 0 0 2003-2004
6%
264 Yuri Breviario CM 3 0 0 2001-2003
6%
311 Alassane Sidibe AM, CM 1 0 0 2021-2022
3%
299 Giacomo Banchelli ST 1 0 0 2000-2001
3%
No matching quizzes found
Score Distribution
Percent of People with Each Score
Percentile by Number Answered
Your Score History
You have not taken this quiz